Catálogo

PETROLEO VIOLENTO (Registro nro. 53777)

Detalles MARC
000 -LEADER
fixed length control field 01020nam a2200193 a 4500
001 - CONTROL NUMBER
control field 53777
005 - DATE AND TIME OF LATEST TRANSACTION
control field 20180714044215.0
008 - FIXED-LENGTH DATA ELEMENTS--GENERAL INFORMATION
fixed length control field 140415s1983 mx 000 0 spa d
020 ## - INTERNATIONAL STANDARD BOOK NUMBER
International Standard Book Number 9681314077
041 ## - LANGUAGE CODE
Language code of text/sound track or separate title spa
082 ## - DEWEY DECIMAL CLASSIFICATION NUMBER
Classification number 972.06
Item number VAL
100 1# - MAIN ENTRY--PERSONAL NAME
Personal name SALAS MAX -VALDIOSERA BERMAN, RAMON
245 10 - TITLE STATEMENT
Title PETROLEO VIOLENTO
250 ## - EDITION STATEMENT
Edition statement 1a ed.
260 ## - PUBLICATION, DISTRIBUTION, ETC.
Place of publication, distribution, etc. MEXICO :
Name of publisher, distributor, etc. DIANA,
Date of publication, distribution, etc. 1983
300 ## - PHYSICAL DESCRIPTION
Extent 332
Dimensions 14.1 x 1.6 x 21.3
520 ## - SUMMARY, ETC.
Summary, etc. SIENDO MUY JOVEN, EN EL AÑO DE 1927, RAMON VALDIOSERA BERMAN, VIAJA HACIA PALMA JOLA, PARA VER EL NACIMIENTO DE LO QUE HOY CONOCEMOS COMO POZA RICA, EN EL ESTADO DE VERACRUZ. OBSERVADOR INSACIABLE, VALDIOSERA ANOTA TODO LO QUE VE EN EL BELLO TRAYECTO QUE REALIZA JUNTO CON SU MADRE, DOÑA CRISTINA. CONOCE DE CERCA COMO OPERAN Y CONTROLAN LA ZONA LOS HOLANDESES, INGLESE Y NO POCOS NORTEAMERICANOS. VALDIOSERA ES TERSIGO FIEL DE LA TRANSFORMACION DEL SELVATICO PAISAJE AL COMPLEJO PETROLERO
650 14 - SUBJECT ADDED ENTRY--TOPICAL TERM
Topical term or geographic name entry element PETROLEO
General subdivision ASPECTOS ECONOMICOS
-- PETROLEO
-- HISTORIA
-- MEXICO
Existencias
Withdrawn status Lost status Source of classification or shelving scheme Damaged status Not for loan Collection code Home library Current library Shelving location Date acquired Source of acquisition Inventory number Total Checkouts Full call number Barcode Date last seen Price effective from Koha item type
    Dewey Decimal Classification     General Biblioteca Karol Wojtyla Biblioteca Karol Wojtyla Sala general 03/12/2013 Compra 151000000000000000037809   972.06 VAL 79999 05/01/2026 03/12/2013 Libro